How To Research (Record no. 61583)

000 -LEADER
fixed length control field 00747nam a22002297a 4500
003 - CONTROL NUMBER IDENTIFIER
control field NUST-PNEC
005 - DATE AND TIME OF LATEST TRANSACTION
control field 20170116180725.0
008 - FIXED-LENGTH DATA ELEMENTS--GENERAL INFORMATION
fixed length control field 141105b xxu||||| |||| 00| 0 eng d
020 ## - INTERNATIONAL STANDARD BOOK NUMBER
International Standard Book Number 8176492434
022 ## - INTERNATIONAL STANDARD SERIAL NUMBER
International Standard Serial Number B008AUMA1O
040 ## - CATALOGING SOURCE
Transcribing agency PNEC
082 ## - DEWEY DECIMAL CLASSIFICATION NUMBER
Classification number 001.42 BLA
100 ## - MAIN ENTRY--PERSONAL NAME
9 (RLIN) 912
Personal name Blaxter, Loraine
245 ## - TITLE STATEMENT
Title How To Research
Statement of responsibility, etc. Loraine Blaxter
250 ## - EDITION STATEMENT
Edition statement 2nd ed.
260 ## - PUBLICATION, DISTRIBUTION, ETC.
Place of publication, distribution, etc. New Delhi :
Name of publisher, distributor, etc. Viva Boooks Pvt. Ltd.,
300 ## - PHYSICAL DESCRIPTION
Extent 286 p. :
Other physical details ill. ;
Dimensions 23 cm.
500 ## - GENERAL NOTE
General note Includes Index
650 ## - SUBJECT ADDED ENTRY--TOPICAL TERM
General subdivision MIS, Computer
856 ## - ELECTRONIC LOCATION AND ACCESS
Uniform Resource Identifier <a href="http://www.amazon.com/How-Research-2nd-Blaxter-Lorraine/dp/B008AUMA1O/ref=sr_1_fkmr0_1?s=books&ie=UTF8&qid=1415162959&sr=1-1-fkmr0&keywords=How+to+Research++BY+LORAINE+BLAXTER+2ND+ED">http://www.amazon.com/How-Research-2nd-Blaxter-Lorraine/dp/B008AUMA1O/ref=sr_1_fkmr0_1?s=books&ie=UTF8&qid=1415162959&sr=1-1-fkmr0&keywords=How+to+Research++BY+LORAINE+BLAXTER+2ND+ED</a>
942 ## - ADDED ENTRY ELEMENTS (KOHA)
Source of classification or shelving scheme
Koha item type Book
Holdings
Withdrawn status Lost status Source of classification or shelving scheme Damaged status Not for loan Permanent Location Current Location Date acquired Source of acquisition Cost, normal purchase price Total Checkouts Full call number Barcode Date last seen Cost, replacement price Price effective from Koha item type
          Pakistan Navy Engineering College (PNEC) Pakistan Navy Engineering College (PNEC) 03/15/2002 Progressive International Agency 302.25   001.42 BLA PNECLIB-025612 11/05/2014 302.25 03/15/2002 Book
© 2023 Central Library, National University of Sciences and Technology. All Rights Reserved.